Mathematics: (Record no. 183976)
[ view plain ]
| 000 -LEADER | |
|---|---|
| fixed length control field | 00612nam a22001937a 4500 |
| 005 - DATE AND TIME OF LATEST TRANSACTION | |
| control field | 20220110111031.0 |
| 010 ## - LCCN (DPL NO) | |
| LC control number | ENG-131040-41 |
| 020 ## - INTERNATIONAL STANDARD BOOK NUMBER | |
| International Standard Book Number | 978-93-528-384-55 |
| Terms of availability | 570.00 |
| 020 ## - INTERNATIONAL STANDARD BOOK NUMBER | |
| International Standard Book Number | 978-93-528-390-94 |
| Terms of availability | 560.00 |
| 035 ## - SYSTEM CONTROL NUMBER | |
| System control number | EN-114572-73 |
| 037 ## - SOURCE OF ACQUISITION | |
| Source of stock number/acquisition | DBAD |
| 082 ## - DEWEY DECIMAL CLASSIFICATION NUMBER | |
| Classification number | 510 |
| 100 ## - MAIN ENTRY--PERSONAL NAME | |
| Personal name | Malhotra, O.P. |
| 245 ## - TITLE STATEMENT | |
| Title | Mathematics: |
| Statement of responsibility, etc | O.P. Malhotra, S.K. Gupta, Anubguti Gangal |
| 260 ## - PUBLICATION, DISTRIBUTION, ETC. (IMPRINT) | |
| Place of publication, distribution, etc | New Delhi |
| Name of publisher, distributor, etc | S Chand School Books |
| Date of publication, distribution, etc | 2022 |
| 270 ## - ADDRESS | |
| City | New Delhi |
| Address | A-27, 2nd Floor, Mhan Co-operative Industrial Estate |
| Postal code | 110044 |
| 300 ## - PHYSICAL DESCRIPTION | |
| Extent | 252p., 347p. |
| Dimensions | 27cm(pbk) |
| 942 ## - ADDED ENTRY ELEMENTS (KOHA) | |
| Source of classification or shelving scheme | Dewey Decimal Classification |
| Item type | English Books |
| Classification part | 510 |
| Call number suffix | MAL |
| Withdrawn status | Lost status | Materials specified (bound volume or other part) | Not for loan | Collection code | Home library | Current library | Date acquired | Source of acquisition | Cost, normal purchase price | Full call number | Barcode | Copy number | Cost, replacement price | Koha item type |
|---|---|---|---|---|---|---|---|---|---|---|---|---|---|---|
| BOOK 1 | Non-fiction | Central Library | Central Library | 10/01/2022 | DBAD/PUB | 570.00 | 510 MAL | EN-114572 | 1 | 570.00 | English Books | |||
| BOOK 2 | Non-fiction | Central Library | Central Library | 10/01/2022 | DBAD/PUB | 560.00 | 510 MAL | EN-114573 | 1 | 560.00 | English Books |
